000
00352nam a2200145Ia 4500
008
210716s1992 xx 000 0 und d
041
_a
eng
082
_a
620.00420285 GRAR
100
_a
Grabowski, Ralph.
245
_a
Learn autocad in a day.
250
_a
1
260
_a
New Delhi
_b
BPB Publications
_c
1992
300
_a
v,144
650
_a
Autocad
999
_c
182587
_d
182587